China's cultural diplomacy (Record no. 424128)

000 -LEADER
fixed length control field 00328cam a22001217a 4500
008 - FIXED-LENGTH DATA ELEMENTS--GENERAL INFORMATION
fixed length control field 180718b1962 xxu||||| |||| 00| 0 eng d
082 ## - DEWEY DECIMAL CLASSIFICATION NUMBER
Classification number Dx51 P267
100 ## - MAIN ENTRY--PERSONAL NAME
Personal name Passin, Herbert
245 ## - TITLE STATEMENT
Title China's cultural diplomacy
Statement of responsibility, etc. by Herbert Passin
260 ## - PUBLICATION, DISTRIBUTION, ETC.
Place of publication, distribution, etc. New York
Name of publisher, distributor, etc. Praeger
Date of publication, distribution, etc. 1962
300 ## - PHYSICAL DESCRIPTION
Extent vi, 133p
650 ## - SUBJECT ADDED ENTRY--TOPICAL TERM
Topical term or geographic name entry element China --Relations
Holdings
Withdrawn status Lost status Damaged status Not for loan Permanent Location Current Location Date acquired Full call number Barcode Date last seen Price effective from Koha item type
        Indian Institute of Public Administration Indian Institute of Public Administration 2009-09-16 Dx51 P267 32158 2018-07-21 2018-07-21 Book

Powered by Koha